| 000 | 00194nam a22000737a 4500 | ||
|---|---|---|---|
| 999 |
_c24025 _d24025 |
||
| 003 | Nust | ||
| 005 | 20170412132122.0 | ||
| 008 | 140502b xxu||||| |||| 00| 0 eng d | ||
| 020 | _cAvailable | ||
| 040 |
_aDLC _bDLC _cRCMS |
||
| 082 | _a | ||
| 245 |
_aInformation Security and Technology _cPannappa B |
||
| 538 | _i | ||
| 942 |
_2ddc _cBK _k |
||